Statistics for Most Guessed Elements - One Minute Sprint

Click here to take the quiz!

General Stats

  • This quiz has been taken 21 times
  • The average score is 12 of 21

Answer Stats

guessedelement% Correct
90%Gold
100%
88%Silver
100%
95%Oxygen
100%
97%Hydrogen
89%
85%Nitrogen
79%
93%Helium
74%
81%Iron
74%
89%Carbon
63%
78%Copper
58%
77%Sodium
53%
78%Lithium
47%
77%Neon
47%
69%Aluminium
47%
70%Chlorine
42%
68%Uranium
37%
77%Potassium
37%
72%Argon
37%
73%Boron
37%
74%Magnesium
32%
67%Calcium
32%
67%Beryllium
21%

Score Distribution

Percentile by Number Answered

Percent of People with Each Score

Your Score History

You have not taken this quiz